| 000 | 02886nam a22003137a 4500 | ||
|---|---|---|---|
| 001 | 8646 | ||
| 003 | FISKH | ||
| 005 | 20251007145355.0 | ||
| 008 | 251007b cb ||||| |||| 00| 0 eng d | ||
| 020 | _a9789995099862 | ||
| 040 |
_aFISKH _bkhr _cFISKH _dFISKH |
||
| 050 | _aPZ7 | ||
| 082 | _a895.966 | ||
| 100 | _aSotheary, Kimsun | ||
| 245 |
_aកូនពស់កេងកង : _bThe son of Keng Kang snake / _cអ្នកស្រី គឹមស៊ុន សុធារី , គណះកម្មការអំនាន កញ្ញា វ៉ាត ចរិយា និង កញ្ញា ផូ វល្ខវឌ្ឍនា |
||
| 260 |
_aPhnom Penh : _bReading Books , _c2009. |
||
| 300 |
_a24 pages : _bcolor illustrations ; _c25 cm . |
||
| 490 | _aពិភពរឿងនិទាន | ||
| 505 | _aK | ||
| 520 | _aល្វាចេកគឺជាម្តាយចុងរបស់សូរិយា។ ម្តាយរបស់នាងមិនចូលចិត្តនាង ហើយចង់ឲ្យនាងចេញពីផ្ទះ។ ថ្លែងពីកូនពស់កេងកងតូចមួយដែលលាក់ខ្លួននៅក្នុងរូង ហើយអាចបម្លែងខ្លួនទៅជាបុរសស្អាតបាន។ គាត់កំពុងជិះទូក ពេលដែលបានជួបសូរិយា ដែលកំពុងលោតលង់ទឹក ហើយពួកគេបានស្រលាញ់គ្នា។ ម្តាយរបស់នាងមិនសប្បាយចិត្ត និងចង់ឲ្យគាត់ត្រឡប់ទៅសត្វពស់វិញ ដូច្នេះនាងបានឲ្យគាត់ផឹកថ្នាំមួយ ដែលបានបម្លែងគាត់ទៅជាពស់ភ្លាមៗ។ សូរិយាបានយំ ពេលដែលបានឃើញប្ដីរបស់នាងនៅក្នុងស្ថានភាពដូច្នេះ។ | ||
| 520 | _aLvea Chek is Sorya’s stepmother. Her stepmother doesn’t like her and wants her to leave the house. Let's talk about a baby snake hiding in a cave that can transform itself into a handsome man. He was sailing when he met Sorya, who was drowning, and they fell in love. Her stepmother was unhappy and wanted him to turn back into a snake, so she gave him medicine that immediately transformed him into a snake. Sorya cried when she saw her husband like this. | ||
| 521 | 8 |
_a510
_bLexile estimate |
|
| 521 | 8 |
_aK
_bRaz-Plus |
|
| 650 |
_aកូនពស់កេងកង _vអក្សរសិល្ប៏ខ្មែរ |
||
| 650 |
_aThe son of Keng Kang snake _vKhmer Literature |
||
| 700 |
_aSan , Thai _eIllustrator |
||
| 942 |
_2ddc _cKHB _n0 |
||
| 999 |
_c8646 _d8646 |
||